| 000 | 01744nam0a22003851 4500 | ||
|---|---|---|---|
| 001 | rc\2777374 | ||
| 005 | 20250806205027.0 | ||
| 035 | _a(NLR Aleph) 006903643 | ||
| 090 |
_a15953 _c15953 |
||
| 100 | _a20110915d1941 u y0rusy50 ca | ||
| 101 | 0 | _arus | |
| 102 | _aRU | ||
| 105 | _aab z ||||| | ||
| 135 | _acrbn 008apadp | ||
| 200 | 1 |
_aЧастная эпидемиология для войсковых врачей и врачей-эпидемиологов _fВ. М. Берман, А. М. Левитов, И. И. Рогозин _gПод общей ред. проф. В. М. Бермана |
|
| 205 | _a2-е изд., перераб. и доп. | ||
| 210 |
_a[Ленинград] _cНаркомздрав СССР. Медгиз. Ленингр. отд. _d1941 |
||
| 215 |
_a554 с., 2 л. карт., схем. _cил. _d22 см. |
||
| 325 | _aКопия доступна в Электрон. б-ке РНБ | ||
| 700 | 1 |
_aБерман _bВ.М. _f1897-1969 _gВиктор Михайлович |
|
| 701 | 1 |
_aРогозин _bИ.И. |
|
| 701 | 1 |
_aЛевитов _bА.М. |
|
| 801 | 0 |
_aRU _bNLR _gpsbo |
|
| 801 | 1 |
_aRU _bELAR _2rusmarc |
|
| 852 |
_aNLR _jМд30 Г-5/23 |
||
| 856 | 0 | _uhttp://vivaldi.nlr.ru/ab000001512/view | |
| 856 | 1 | _uhttp://vivaldi.nlr.ru/ab000001512/cover | |
| 856 | 2 | _uhttp://vivaldi.nlr.ru/ab000001512/text | |
| 901 | _eКнижные издания | ||
| 942 | _cBOOK | ||
| 945 | _aРоссийская национальная библиотека | ||
| 980 | _aNB | ||
| 980 | _aBV | ||
| 981 | 3 | 7 |
_a(37) Ленинград в Великой Отечественной войне _b(37) Книги блокадного Ленинграда |
| 981 | 3 | 4 | _a(34) Санкт-Петербург |